| 000 | 00566nam a2200205 a 4500 | ||
|---|---|---|---|
| 005 | 20240229063544.0 | ||
| 008 | 090616s2003 mx r 000 0 spa d | ||
| 020 | _a9875451169 | ||
| 035 | _aUPN01000171194 | ||
| 049 | _aI | ||
| 050 | 4 |
_aPZ73 _bW6.4 |
|
| 100 | 1 |
_aWolf, Ema, _d1948- _930471 |
|
| 245 | 1 | 0 |
_aLibros de los prodigios / _cEma Wolf. |
| 260 |
_aBuenos Aires : _bNorma, _cc2003. |
||
| 300 | _a135 p. | ||
| 440 | 0 |
_aTorre de papel. _pAmarilla |
|
| 650 | 4 |
_aLiteratura infantil argentina _97511 |
|
| 650 | 4 |
_aCuentos infantiles _96744 |
|
| 905 | _aInfantil | ||
| 999 |
_c143299 _d143299 |
||